El crecimiento económico, condición de la estabilidad monetaria en Argentina: 1900-1968

Salvato in:
Dettagli Bibliografici
Autore principale: Lascano, Marcelo Ramón (Autore)
Natura: Libro
Lingua:spagnolo
Pubblicazione: Buenos Aires EUDEBA 1970
Serie:Temas de EUDEBA, Eonomía
Soggetti:
Tags: Aggiungi Tag
Nessun Tag, puoi essere il primo ad aggiungerne!!

MARC

LEADER 00000nam a2200000 a 4500
001 UCR7935
003 CL-VaPUC
008 980519e19700000AG |||||||||||||||||spa|d
082 0 4 |a 330.982  |b LAS  |2 21 
100 0 |a Lascano, Marcelo Ramón  |e author  |9 409483 
245 1 3 |a El crecimiento económico, condición de la estabilidad monetaria en Argentina: 1900-1968 
300 |a 151 p 
942 |c BK 
945 |d 19980519 00:00:00  |a crobeson 
260 |a Buenos Aires  |b EUDEBA  |c 1970 
650 0 |a Crecimiento económico   |9 314037 
650 0 |a Estabilidad económica   |9 316752 
650 0 |a Economía   |9 255568 
651 0 |a Argentina  |9 254888 
583 |a last modification  |c 19980519 00:00:00  |k Rodrigo Vera 
490 0 |a Temas de EUDEBA, Eonomía 
999 |c 269510  |d 269508 
952 |0 0  |1 0  |4 0  |6 330_982000000000000_LAS_1970  |7 0  |8 A  |9 303264  |a BIBGIM  |b BIBGIM  |d 2019-11-20  |i 1999966  |o 330.982 LAS 1970  |p 1999966  |r 2025-01-15  |w 2019-11-20  |y BK  |k COM